BRAGANTIA (Record no. 17548)
[ view plain ]
| 000 -LEADER | |
|---|---|
| fixed length control field | 00389nam a2200145Ia 4500 |
| 022 ## - INTERNATIONAL STANDARD SERIAL NUMBER | |
| ISSN | 0006-8705 |
| 245 #0 - TITLE STATEMENT | |
| Title | BRAGANTIA |
| 260 ## - PUBLICATION, DISTRIBUTION, ETC. (IMPRINT) | |
| Name of publisher | Instituto Agronomico, Sao Paulo |
| Place of publication | Brazil |
| 310 ## - CURRENT PUBLICATION FREQUENCY | |
| Current publication frequency | 2/y |
| 500 ## - GENERAL NOTE | |
| General note | Ending Volume & Year: 58, 1999 |
| 500 ## - GENERAL NOTE | |
| General note | Missing Volume: 51;56 |
| 500 ## - GENERAL NOTE | |
| General note | Starting Volume & Year: 45, 1986 |
| 942 ## - ADDED ENTRY ELEMENTS (KOHA) | |
| Koha item type | Bound Journal |
| Withdrawn status | Lost status | Damaged status | Not for loan | Home library | Current library | Date acquired | Accession Number | Koha item type |
|---|---|---|---|---|---|---|---|---|
| Bound journals | RRII Library | RRII Library | 31/12/2021 | 19496J | Bound Journal |